[Event "CYCC U14 w"]
[Site "Regina CAN"]
[Date "2019.07.08"]
[Round "4.61"]
[White "Tsukerman, Julia"]
[Black "Qian, Jessica"]
[Result "1-0"]
[WhiteElo "1781"]
[BlackElo "1448"]
[PlyCount "177"]
[EventDate "2019.07.07"]
[EventType "swiss"]
[EventRounds "7"]
[EventCountry "CAN"]

1. e4 e5 2. Nf3 Nc6 3. Bb5 a6 4. Ba4 Nf6 5. d3 b5 6. Bb3 d6 7. c3 Be7 8. O-O
O-O 9. h3 Na5 10. Bc2 h6 11. Nbd2 Nh7 12. d4 exd4 13. cxd4 f5 14. e5 d5 15. a4
b4 16. Bd3 Ng5 17. Nxg5 Bxg5 18. Nb3 Nxb3 19. Bxg5 hxg5 20. Qxb3 a5 21. f4 c6
22. Qc2 Qb6 23. Qf2 gxf4 24. Rac1 Bd7 25. Qxf4 Qd8 26. Qe3 Qe7 27. Rf3 Rf7 28.
Qf4 Re8 29. Qg3 Rc8 30. Rc5 Ra8 31. Rf4 Rff8 32. Qg6 Qf7 33. Qg5 Qe6 34. b3 Rf7
35. Be2 Qe7 36. Qg6 Rff8 37. Bd3 Be8 38. Qg3 Bd7 39. Qf2 Qe6 40. Qg3 Qe7 41.
Be2 Be8 42. Bd3 Bd7 43. Be2 Be8 44. Qf2 Qe6 45. g4 g6 46. Bd3 Bd7 47. gxf5 gxf5
48. Kh2 Rf7 49. Rc1 Rg7 50. Rg1 Kf8 51. Rg5 Qh6 52. h4 Ra7 53. Qg3 Rf7 54. Bxf5
Bxf5 55. Rgxf5 Rxf5 56. Rxf5+ Rf7 57. Rxf7+ Kxf7 58. Qg5 Qe6 59. Qf6+ Qxf6 60.
exf6 Kxf6 61. Kg3 Kf5 62. Kf3 Kg6 63. Kf4 Kh5 64. Ke5 Kxh4 65. Kd6 Kg4 66. Kxc6
Kf4 67. Kxd5 Kf5 68. Kc5 Ke6 69. Kc6 Ke7 70. d5 Kd8 71. Kd6 Kc8 72. Ke7 Kc7 73.
d6+ Kc6 74. d7 Kc5 75. Ke6 Kd4 76. d8=Q+ Kc3 77. Qd5 Kb2 78. Ke5 Ka2 79. Kd4
Kb2 80. Kc4 Ka2 81. Qxa5 Kb2 82. Qxb4 Kc2 83. Qc3+ Kd1 84. Qb2 Ke1 85. Kd3 Kf1
86. Qe2+ Kg1 87. Ke3 Kh1 88. Kf3 Kg1 89. Qg2# 1-0

[Event "CYCC U14 w"]
[Site "Regina CAN"]
[Date "2019.07.08"]
[Round "4.62"]
[White "Xie, Cathy"]
[Black "Gilani, Mysha"]
[Result "0-1"]
[WhiteElo "1107"]
[BlackElo "1761"]
[PlyCount "88"]
[EventDate "2019.07.07"]
[EventType "swiss"]
[EventRounds "7"]
[EventCountry "CAN"]

1. e4 e5 2. Nf3 Nc6 3. Bb5 a6 4. Ba4 Nf6 5. d3 b5 6. Bb3 Be7 7. c3 d6 8. Nbd2
O-O 9. O-O Na5 10. Bc2 c5 11. a3 Nc6 12. Re1 h6 13. Nf1 Be6 14. Ng3 Re8 15. h3
Rc8 16. Nh4 Nxe4 17. Nxe4 Bxh4 18. b4 f5 19. Nd2 cxb4 20. axb4 Qb6 21. Qe2 Nxb4
22. Nf3 Rxc3 23. Be3 Qc6 24. Bb1 Bf6 25. Bd2 Rb3 26. Rc1 Qb7 27. Qd1 e4 28.
Bxb4 Rxb4 29. dxe4 Bxa1 30. exf5 Bd5 31. Qd2 Rb2 32. Qa5 Bxf3 33. Qxa1 Rbe2 34.
Ba2+ Bd5 35. Bxd5+ Qxd5 36. Qxa6 Re1+ 37. Rxe1 Rxe1+ 38. Kh2 Qe5+ 39. g3 Qd5
40. g4 Rh1+ 41. Kg3 Qe5+ 42. f4 Qe1+ 43. Kf3 Rf1+ 44. Kg2 Qf2# 0-1

[Event "CYCC U14 w"]
[Site "Regina CAN"]
[Date "2019.07.08"]
[Round "4.63"]
[White "Bilodeau-Savaria, Sandy Rose"]
[Black "Myrzaibraimova, Aibike"]
[Result "1/2-1/2"]
[WhiteElo "1150"]
[BlackElo "1581"]
[PlyCount "87"]
[EventDate "2019.07.07"]
[EventType "swiss"]
[EventRounds "7"]
[EventCountry "CAN"]

1. d4 Nf6 2. c4 e6 3. Nf3 b6 4. Nc3 Bb7 5. Bg5 Be7 6. e3 h6 7. Bh4 O-O 8. Bd3
c6 9. O-O d5 10. a3 Nbd7 11. b4 c5 12. bxc5 bxc5 13. cxd5 cxd4 14. exd4 Nxd5
15. Nxd5 Bxh4 16. Ne3 Be7 17. Be2 Qa5 18. Nc4 Qd5 19. Qd3 Ba6 20. Rfc1 Rfc8 21.
a4 Rc7 22. Ne3 Rxc1+ 23. Rxc1 Bxd3 24. Nxd5 Bxe2 25. Nxe7+ Kf8 26. Rc8+ Rxc8
27. Nxc8 a5 28. Ne5 Nxe5 29. dxe5 Bd1 30. Nb6 Bb3 31. Kf1 Ke7 32. Ke2 Bd5 33.
g3 f6 34. f4 Kd8 35. Kd3 Kc7 36. Nc4 Bxc4+ 37. Kxc4 Kc6 38. Kd4 f5 39. h3 g5
40. h4 gxf4 41. gxf4 h5 42. Kc4 Kb6 43. Kd4 Kc6 44. Kc4 1/2-1/2

[Event "CYCC U14 w"]
[Site "Regina CAN"]
[Date "2019.07.08"]
[Round "4.64"]
[White "D'Souza, Carina"]
[Black "Wu, Ingrid"]
[Result "0-1"]
[WhiteElo "1247"]
[BlackElo "1307"]
[PlyCount "110"]
[EventDate "2019.07.07"]
[EventType "swiss"]
[EventRounds "7"]
[EventCountry "CAN"]

1. e4 c5 2. Nf3 d6 3. d4 cxd4 4. Nxd4 Nf6 5. Nc3 a6 6. Bg5 e6 7. f4 Be7 8. Qf3
Nbd7 9. O-O-O Qc7 10. g4 Rb8 11. Bxf6 Bxf6 12. g5 Be7 13. Rg1 b5 14. a3 Bb7 15.
f5 e5 16. Nb3 f6 17. Qh5+ Kf8 18. h4 Qd8 19. Nd5 Qe8 20. g6 h6 21. Nc7 Qc8 22.
Ne6+ Kg8 23. Qf3 Nf8 24. Nxf8 Kxf8 25. Na5 Ke8 26. Qb3 Rf8 27. Bd3 Ba8 28. Qa2
Bd8 29. Nb3 Bb6 30. Rge1 Bc6 31. Nd2 Qd7 32. c3 a5 33. Bc2 Ra8 34. Bb3 Kd8 35.
Be6 Qc7 36. c4 a4 37. Kb1 Bc5 38. h5 Qb7 39. Nf3 Bxe4+ 40. Kc1 Bxf3 41. Rd3 Bc6
42. b4 Bd4 43. Qd2 bxc4 44. Bxc4 d5 45. Ba2 Bb5 46. Rg3 Rc8+ 47. Kb1 Kd7 48.
Qg2 Bc4 49. Bxc4 Rxc4 50. Rc1 Rfc8 51. Rxc4 Rxc4 52. Rd3 Qc6 53. Rd1 Rc3 54.
Qh1 Rb3+ 55. Ka2 Qc2# 0-1

[Event "CYCC U14 w"]
[Site "Regina CAN"]
[Date "2019.07.08"]
[Round "4.65"]
[White "Shan, Lyvia"]
[Black "Lin, Alle"]
[Result "0-1"]
[WhiteElo "953"]
[BlackElo "1498"]
[PlyCount "152"]
[EventDate "2019.07.07"]
[EventType "swiss"]
[EventRounds "7"]
[EventCountry "CAN"]

1. e4 c6 2. c4 d5 3. cxd5 cxd5 4. exd5 Nf6 5. Nf3 Nxd5 6. Bc4 e6 7. O-O Be7 8.
d4 O-O 9. Nc3 Nxc3 10. bxc3 b6 11. d5 Qc7 12. Qd3 exd5 13. Bxd5 Bb7 14. Bxb7
Qxb7 15. Bg5 h6 16. Bxe7 Qxe7 17. Rfe1 Qd7 18. Qe4 Qc6 19. Qd4 Nd7 20. Rad1 Nf6
21. Ne5 Qc7 22. h3 Rac8 23. Rc1 Rfd8 24. Qe3 Qc5 25. Qf3 Re8 26. Nd3 Rxe1+ 27.
Nxe1 Qa3 28. Rc2 Rc4 29. Nd3 Rxc3 30. Rxc3 Qxc3 31. Qa8+ Kh7 32. Qf3 Qa1+ 33.
Kh2 Qxa2 34. Qf5+ Kh8 35. Qc8+ Ng8 36. Kg3 Qa3 37. Qd8 Qe7 38. Qb8 Kh7 39. Kh2
Nf6 40. Nf4 Ne4 41. Kg1 Qd6 42. Qxd6 Nxd6 43. Nd5 b5 44. Kf1 Kg6 45. g4 Kg5 46.
f4+ Kg6 47. Ke2 f5 48. Ne7+ Kf6 49. Nd5+ Ke6 50. Nc7+ Kd7 51. Na6 fxg4 52. hxg4
Kc6 53. Kd3 Kb6 54. Nb4 a5 55. Na2 Kc5 56. Nc3 a4 57. Kc2 Nc4 58. Kb1 a3 59.
Ka2 Kd4 60. Nxb5+ Ke4 61. Nc3+ Kxf4 62. Nd5+ Kxg4 63. Ne7 h5 64. Nd5 h4 65. Nc3
h3 66. Nb1 h2 67. Nxa3 Nxa3 68. Kxa3 h1=Q 69. Kb4 Qc1 70. Kb5 Qc3 71. Kb6 Kf5
72. Kb7 Ke6 73. Kb8 Kd7 74. Kb7 Qb4+ 75. Ka6 Kc7 76. Ka7 Qb7# 0-1

[Event "CYCC U14 w"]
[Site "Regina CAN"]
[Date "2019.07.08"]
[Round "4.66"]
[White "Gauthier, Annie"]
[Black "Johnson, Katelyn"]
[Result "1-0"]
[WhiteElo "1007"]
[BlackElo "526"]
[PlyCount "107"]
[EventDate "2019.07.07"]
[EventType "swiss"]
[EventRounds "7"]
[EventCountry "CAN"]

1. f3 e5 2. c3 Nc6 3. d4 d6 4. e4 Nf6 5. Bb5 g6 6. dxe5 Nd7 7. exd6 cxd6 8. Bf4
Qc7 9. Nh3 a6 10. Bxc6 bxc6 11. Ng5 Nc5 12. Qd4 Rg8 13. Nxh7 Be7 14. Nf6+ Bxf6
15. Qxf6 Nd3+ 16. Kf1 Nxf4 17. Qxf4 a5 18. Na3 Ba6+ 19. c4 Qd8 20. Rd1 d5 21.
b3 Rh8 22. Qe5+ Kd7 23. exd5 c5 24. d6 Re8 25. Qxc5 a4 26. b4 f6 27. b5 Re5 28.
Qc6+ Ke6 29. d7+ Kf7 30. bxa6 Ra7 31. Qxa4 Re7 32. c5 Rexd7 33. Qc4+ Kf8 34.
Re1 Rd4 35. Qc2 Rxa6 36. Nb5 Rd3 37. a4 f5 38. c6 Rd5 39. c7 Qc8 40. Na3 Rd7
41. Qc5+ Kg7 42. Qc3+ Kh7 43. Nb5 Rxa4 44. g4 fxg4 45. fxg4 Ra8 46. Re3 Kg8 47.
Kg2 Qb7+ 48. Kf2 Qxh1 49. c8=Q+ Rxc8 50. Qxc8+ Kh7 51. Qxd7+ Kh6 52. g5+ Kxg5
53. Rg3+ Kh5 54. Qh3# 1-0

[Event "CYCC U14 w"]
[Site "Regina CAN"]
[Date "2019.07.09"]
[Round "5.61"]
[White "Gilani, Mysha"]
[Black "Tsukerman, Julia"]
[Result "0-1"]
[WhiteElo "1781"]
[BlackElo "1761"]
[PlyCount "94"]
[EventDate "2019.07.07"]
[EventType "swiss"]
[EventRounds "7"]
[EventCountry "CAN"]

1. d4 e6 2. c4 d5 3. Nc3 Nf6 4. cxd5 exd5 5. Bg5 Be7 6. e3 c6 7. Bd3 O-O 8.
Nge2 Nbd7 9. O-O Re8 10. Qc2 Nf8 11. f3 g6 12. e4 dxe4 13. fxe4 Ne6 14. Bxf6
Bxf6 15. d5 Nd4 16. Nxd4 Bxd4+ 17. Kh1 Bd7 18. Bc4 c5 19. Rf3 Kg7 20. d6 Rf8
21. Qb3 Bc6 22. Bxf7 Qxd6 23. Nb5 Qe7 24. Nxd4 cxd4 25. Bd5 Bxd5 26. exd5 Rxf3
27. gxf3 b6 28. Qc4 Qc5 29. Qxc5 bxc5 30. Rc1 Rc8 31. d6 Kf6 32. d7 Rd8 33.
Rxc5 Rxd7 34. Kg2 d3 35. Rc1 Ke5 36. Kf2 Kd4 37. Rd1 Rc7 38. Ke1 Ke3 39. f4 Rc2
40. Rb1 Rxh2 41. Kf1 Rh1+ 42. Kg2 Rxb1 43. f5 gxf5 44. a3 d2 45. a4 d1=Q 46.
Kg3 Qg1+ 47. Kh4 Qg4# 0-1

[Event "CYCC U14 w"]
[Site "Regina CAN"]
[Date "2019.07.09"]
[Round "5.62"]
[White "Qian, Jessica"]
[Black "Myrzaibraimova, Aibike"]
[Result "1-0"]
[WhiteElo "1448"]
[BlackElo "1581"]
[PlyCount "71"]
[EventDate "2019.07.07"]
[EventType "swiss"]
[EventRounds "7"]
[EventCountry "CAN"]

1. e4 e6 2. d4 d5 3. e5 c5 4. c3 Nc6 5. Nf3 Qb6 6. Be2 cxd4 7. cxd4 Nge7 8. Na3
Nf5 9. Nc2 Bb4+ 10. Kf1 Be7 11. g4 Nh4 12. Nxh4 Bxh4 13. b3 Nxe5 14. Ba3 Nd7
15. Ne3 Nf6 16. Ng2 g5 17. Nxh4 gxh4 18. Rc1 Nxg4 19. Bc5 Nxf2 20. Kxf2 Qc7 21.
Bb5+ Bd7 22. Bxd7+ Kxd7 23. Qf3 f5 24. Qe3 Qa5 25. a3 Rac8 26. Qf4 Rc6 27. Rhg1
Kc8 28. Rg7 Qa6 29. Bb4 h5 30. Rc7+ Kd8 31. R7xc6 bxc6 32. Qd6+ Kc8 33. Rxc6+
Qxc6 34. Qxc6+ Kd8 35. Qa8+ Kc7 36. Qxh8 1-0

[Event "CYCC U14 w"]
[Site "Regina CAN"]
[Date "2019.07.09"]
[Round "5.63"]
[White "Wu, Ingrid"]
[Black "Xie, Cathy"]
[Result "1/2-1/2"]
[WhiteElo "1307"]
[BlackElo "1107"]
[PlyCount "97"]
[EventDate "2019.07.07"]
[EventType "swiss"]
[EventRounds "7"]
[EventCountry "CAN"]

1. e4 c6 2. d4 d5 3. exd5 cxd5 4. Nf3 Nf6 5. Bf4 Nc6 6. Nc3 Bf5 7. a3 e6 8. Be2
Bd6 9. Bg3 Ne4 10. Nxe4 Bxe4 11. c3 O-O 12. O-O Bxg3 13. fxg3 Qb6 14. Qd2 Rfd8
15. Kh1 Rac8 16. Bd3 Bxd3 17. Qxd3 h6 18. Rab1 Na5 19. Ne5 Rc7 20. Qf3 Rf8 21.
Qd3 Nc4 22. Ng4 Nd6 23. Rf3 Ne4 24. Nf2 f5 25. Kg1 Rcf7 26. Qe2 Nxf2 27. Rxf2
Rc7 28. Re1 Re7 29. Ref1 Qd6 30. Qe3 a6 31. g4 Ref7 32. gxf5 Rxf5 33. Rxf5 Rxf5
34. Rxf5 exf5 35. g3 Kf7 36. Kf2 Qe6 37. Qf3 Qe4 38. Qxe4 fxe4 39. Ke3 Ke6 40.
c4 g6 41. b3 Kd6 42. a4 b6 43. h3 g5 44. g4 Kc6 45. Ke2 b5 46. axb5+ axb5 47.
c5 b4 48. Ke3 Kb5 49. Kf2 1/2-1/2

[Event "CYCC U14 w"]
[Site "Regina CAN"]
[Date "2019.07.09"]
[Round "5.64"]
[White "Lin, Alle"]
[Black "Bilodeau-Savaria, Sandy Rose"]
[Result "1/2-1/2"]
[WhiteElo "1498"]
[BlackElo "1150"]
[PlyCount "115"]
[EventDate "2019.07.07"]
[EventType "swiss"]
[EventRounds "7"]
[EventCountry "CAN"]

1. d4 d5 2. c4 e6 3. Nf3 Nf6 4. Bf4 Nbd7 5. Nc3 c6 6. e3 Be7 7. Bd3 O-O 8. O-O
dxc4 9. Bxc4 b5 10. Be2 a6 11. Rc1 c5 12. dxc5 Bxc5 13. Qc2 Bb7 14. Rfd1 Rc8
15. Qb1 Qe7 16. a3 Rfd8 17. b4 Bb6 18. h3 Bc7 19. Bxc7 Rxc7 20. e4 Rdc8 21. Na2
Rxc1 22. Rxc1 Rxc1+ 23. Nxc1 Nxe4 24. Bd3 Ndf6 25. Qc2 Qd6 26. Nb3 h6 27. Na5
Qb6 28. Nxb7 Qxb7 29. Nd2 Nxd2 30. Qxd2 Qd5 31. Qc2 Qd7 32. Qd1 g6 33. Bc2
Qxd1+ 34. Bxd1 Kf8 35. a4 Nd5 36. axb5 axb5 37. Be2 Nc3 38. Bd3 Ke7 39. f3 Kd6
40. Kf2 f5 41. Ke3 Nd5+ 42. Kd2 Nc7 43. Ke3 Kd5 44. g3 g5 45. f4 g4 46. hxg4
fxg4 47. f5 exf5 48. Bxf5 Kc4 49. Bxg4 Nd5+ 50. Kf3 Nf6 51. Bh3 Nd5 52. Bf1+
Kxb4 53. Bxb5 Kxb5 54. Kg4 Ne3+ 55. Kh5 Nf5 56. g4 Ne3 57. g5 hxg5 58. Kxg5
1/2-1/2

[Event "CYCC U14 w"]
[Site "Regina CAN"]
[Date "2019.07.09"]
[Round "5.65"]
[White "Gauthier, Annie"]
[Black "Shan, Lyvia"]
[Result "0-1"]
[WhiteElo "1007"]
[BlackElo "953"]
[PlyCount "32"]
[EventDate "2019.07.07"]
[EventType "swiss"]
[EventRounds "7"]
[EventCountry "CAN"]

1. f3 e5 2. c3 Nf6 3. d4 exd4 4. cxd4 d5 5. Nc3 Bf5 6. e4 dxe4 7. fxe4 Nxe4 8.
Nxe4 Bxe4 9. Bb5+ c6 10. Bf1 Qh4+ 11. Kd2 Qf2+ 12. Kc3 Na6 13. Nh3 Bb4+ 14. Kc4
b5+ 15. Kb3 Bd5+ 16. Bc4 Bxc4# 0-1

[Event "CYCC U14 w"]
[Site "Regina CAN"]
[Date "2019.07.09"]
[Round "5.66"]
[White "Johnson, Katelyn"]
[Black "D'Souza, Carina"]
[Result "0-1"]
[WhiteElo "526"]
[BlackElo "1247"]
[PlyCount "26"]
[EventDate "2019.07.07"]
[EventType "swiss"]
[EventRounds "7"]
[EventCountry "CAN"]

1. e4 e5 2. Nf3 Nc6 3. Bc4 Bc5 4. Nc3 Nf6 5. d3 d6 6. O-O Bg4 7. h3 Bh5 8. g4
Nxg4 9. hxg4 Bxg4 10. Kg2 Nd4 11. Ne2 Bxf3+ 12. Kg1 Nxe2+ 13. Kh2 Qh4# 0-1

[Event "CYCC U14 w"]
[Site "Regina CAN"]
[Date "2019.07.09"]
[Round "6.61"]
[White "Tsukerman, Julia"]
[Black "Wu, Ingrid"]
[Result "1-0"]
[WhiteElo "1781"]
[BlackElo "1318"]
[PlyCount "81"]
[EventDate "2019.07.07"]
[EventType "swiss"]
[EventRounds "7"]
[EventCountry "CAN"]

1. e4 c5 2. Nf3 d6 3. d4 cxd4 4. Nxd4 Nf6 5. Nc3 a6 6. Be3 e6 7. f3 b5 8. Qd2
Nbd7 9. O-O-O Nb6 10. Qf2 Nfd7 11. f4 Bb7 12. e5 Nd5 13. Nxd5 Bxd5 14. exd6
Bxd6 15. Kb1 Nf6 16. Be2 Qc7 17. Rhg1 Ne4 18. Qh4 Bc5 19. Bd3 Rc8 20. f5 Nf6
21. fxe6 fxe6 22. Rge1 Qb6 23. Nf5 Bxe3 24. Nxe3 Rd8 25. Qg5 Kf8 26. Rf1 h6 27.
Rxf6+ gxf6 28. Qxf6+ Kg8 29. Nxd5 Rxd5 30. Rf1 Rf5 31. Bxf5 Qc7 32. Bxe6+ Kh7
33. Qd4 Rd8 34. Qe4+ Kh8 35. a3 Qg7 36. Rf7 Rd1+ 37. Ka2 Rd4 38. Qa8+ Qg8 39.
Rf8 Qxf8 40. Qxf8+ Kh7 41. Qg8# 1-0

[Event "CYCC U14 w"]
[Site "Regina CAN"]
[Date "2019.07.09"]
[Round "6.62"]
[White "Qian, Jessica"]
[Black "Xie, Cathy"]
[Result "1-0"]
[WhiteElo "1448"]
[BlackElo "1107"]
[PlyCount "105"]
[EventDate "2019.07.07"]
[EventType "swiss"]
[EventRounds "7"]
[EventCountry "CAN"]

1. e4 c6 2. d4 d5 3. e5 c5 4. c3 Nc6 5. Nf3 Bg4 6. Be2 e6 7. Nbd2 Qb6 8. h3
Bxf3 9. Nxf3 Nge7 10. b3 Ng6 11. O-O Be7 12. Be3 O-O 13. Rc1 Rfc8 14. Nh2 Rd8
15. f4 Nh4 16. Bg4 cxd4 17. cxd4 Re8 18. g3 Ng6 19. Bf3 f6 20. Bg4 Bd8 21. Bh5
fxe5 22. fxe5 Be7 23. Ng4 Rf8 24. Qd3 Ba3 25. Rcd1 Nge7 26. Nh2 Nf5 27. Bf2 Bb2
28. Nf3 Rac8 29. Rd2 Nb4 30. Qb1 Bc3 31. Rdd1 Nc6 32. Qd3 Nb4 33. Qe2 Qa5 34.
a4 Qb6 35. Bg4 Nc6 36. Bxf5 Rxf5 37. g4 Rf4 38. Be3 Rff8 39. Qa2 Nb4 40. Qb1
Nc6 41. Kg2 Na5 42. Qa2 Qxb3 43. Qxb3 Nxb3 44. Rb1 Na5 45. Ng5 Rfe8 46. Nf7 Rc7
47. Nd6 Ree7 48. Nb5 Nc4 49. Bg5 Rcd7 50. Bxe7 Ne3+ 51. Kh2 Nxf1+ 52. Rxf1 Bxd4
53. Rf8# 1-0

[Event "CYCC U14 w"]
[Site "Regina CAN"]
[Date "2019.07.09"]
[Round "6.63"]
[White "Myrzaibraimova, Aibike"]
[Black "Gilani, Mysha"]
[Result "0-1"]
[WhiteElo "1581"]
[BlackElo "1761"]
[PlyCount "52"]
[EventDate "2019.07.07"]
[EventType "swiss"]
[EventRounds "7"]
[EventCountry "CAN"]

1. e4 e5 2. Nf3 Nc6 3. Bc4 Bc5 4. b4 Bxb4 5. c3 Ba5 6. d4 exd4 7. Nxd4 Qf6 8.
Be3 Ne5 9. Bb3 d6 10. O-O Ne7 11. Qc1 h6 12. Qa3 Bb6 13. Nb5 O-O 14. Bxb6 axb6
15. Qb2 Nf3+ 16. Kh1 Qf4 17. g3 Qxe4 18. Bc2 Qc6 19. Bd1 Nd2+ 20. Kg1 Nxf1 21.
Kxf1 Qh1+ 22. Ke2 Bg4+ 23. Kd3 Qxd1+ 24. Nd2 Qe2+ 25. Kc2 Bf5+ 26. Kb3 Qxb5#
0-1

[Event "CYCC U14 w"]
[Site "Regina CAN"]
[Date "2019.07.09"]
[Round "6.64"]
[White "Bilodeau-Savaria, Sandy Rose"]
[Black "Gauthier, Annie"]
[Result "1-0"]
[WhiteElo "1150"]
[BlackElo "1007"]
[PlyCount "53"]
[EventDate "2019.07.07"]
[EventType "swiss"]
[EventRounds "7"]
[EventCountry "CAN"]

1. d4 f6 2. e4 c6 3. c4 d5 4. cxd5 cxd5 5. Qh5+ g6 6. Bb5+ Nc6 7. Qxd5 a6 8.
Bxc6+ Bd7 9. Bxd7+ Qxd7 10. Qxd7+ Kxd7 11. Nf3 e5 12. dxe5 Re8 13. O-O fxe5 14.
Nc3 Bh6 15. Rd1+ Kc6 16. Nd5 Bxc1 17. Raxc1+ Kd7 18. Nf6+ Ke7 19. Nxe8 Kxe8 20.
Rc8+ Kf7 21. Rd7+ Ke6 22. Rxb7 Ne7 23. Rxh8 Kd6 24. Rxh7 Nc6 25. Rhd7+ Kc5 26.
Rd5+ Kc4 27. Nd2# 1-0

[Event "CYCC U14 w"]
[Site "Regina CAN"]
[Date "2019.07.09"]
[Round "6.65"]
[White "Johnson, Katelyn"]
[Black "Lin, Alle"]
[Result "0-1"]
[WhiteElo "526"]
[BlackElo "1498"]
[PlyCount "78"]
[EventDate "2019.07.07"]
[EventType "swiss"]
[EventRounds "7"]
[EventCountry "CAN"]

1. e4 c6 2. d3 d5 3. Nc3 dxe4 4. dxe4 Qc7 5. g3 e5 6. Nge2 Bg4 7. Bg2 Nd7 8.
Be3 O-O-O 9. O-O h5 10. h4 Be7 11. Qc1 f6 12. f3 Be6 13. a3 Bc5 14. Bxc5 Nxc5
15. b4 Na6 16. Kh1 g5 17. hxg5 fxg5 18. Qxg5 Nh6 19. Qc1 h4 20. gxh4 Qe7 21.
Qe1 Nf7 22. Kg1 Rdg8 23. Kf2 Qxh4+ 24. Ke3 Rxg2 25. Qxh4 Rxh4 26. Rf2 Rxf2 27.
Kxf2 Nd6 28. Rg1 Rh2+ 29. Ke1 Rh7 30. Kd1 Nc4 31. Nb1 Kc7 32. Kc1 Kb6 33. c3
Kb5 34. Kc2 Ka4 35. Nc1 Nb8 36. Rf1 Ne3+ 37. Kb2 Rh2+ 38. Ka1 Nxf1 39. Nd3 Ra2#
0-1

[Event "CYCC U14 w"]
[Site "Regina CAN"]
[Date "2019.07.09"]
[Round "6.66"]
[White "D'Souza, Carina"]
[Black "Shan, Lyvia"]
[Result "1-0"]
[WhiteElo "1247"]
[BlackElo "953"]
[PlyCount "157"]
[EventDate "2019.07.07"]
[EventType "swiss"]
[EventRounds "7"]
[EventCountry "CAN"]

1. e4 e5 2. Nf3 Nc6 3. Bc4 Nf6 4. Ng5 d5 5. exd5 Na5 6. Bb5+ c6 7. dxc6 bxc6 8.
Qf3 Bd7 9. Ba4 h6 10. Ne4 Be7 11. Nxf6+ Bxf6 12. Nc3 O-O 13. O-O Qc8 14. h3 Nb7
15. d3 Nc5 16. Bb3 Be6 17. Be3 Nxb3 18. axb3 a6 19. Ne4 Be7 20. Qg3 Kh7 21.
Qxe5 Qd8 22. Bc5 Bxc5 23. Qxc5 Qc7 24. Qa5 Qxa5 25. Rxa5 Ra7 26. Rfa1 Rfa8 27.
Nc5 Bc8 28. Kf1 Kg8 29. Ke2 Kf8 30. Kd2 Ke7 31. Kc3 Kd6 32. Ne4+ Kc7 33. Kd4 f6
34. Kc5 Bb7 35. Nd6 Rd8 36. Nxb7 Kxb7 37. Re1 Rd5+ 38. Kb4 Rd4+ 39. Kc3 Kb6 40.
Rxa6+ Rxa6 41. Kxd4 c5+ 42. Kc3 Kb5 43. Re7 g5 44. Rh7 f5 45. Rf7 f4 46. Re7
Ra1 47. f3 Rg1 48. Re2 h5 49. d4 Rd1 50. dxc5 Kxc5 51. Re5+ Kd6 52. Rxg5 h4 53.
Rf5 Rg1 54. Rxf4 Rxg2 55. Rxh4 Rg3 56. Rd4+ Kc6 57. Rd3 Rxh3 58. f4 Rh8 59. f5
Rf8 60. Rf3 Kd5 61. b4 Rf6 62. Kb3 Rc6 63. f6 Rc8 64. f7 Rf8 65. c4+ Kc6 66.
b5+ Kc5 67. Rf5+ Kb6 68. Kb4 Kb7 69. c5 Kb8 70. c6 Kc7 71. Kc5 Kc8 72. b6 Kd8
73. Rd5+ Kc8 74. b7+ Kc7 75. Rd7+ Kb8 76. Re7 Ka7 77. Re8 Rxe8 78. fxe8=Q Ka6
79. Qa8# 1-0

[Event "CYCC U14 w"]
[Site "Regina CAN"]
[Date "2019.07.10"]
[Round "7.61"]
[White "Bilodeau-Savaria, Sandy Rose"]
[Black "Tsukerman, Julia"]
[Result "0-1"]
[WhiteElo "1781"]
[BlackElo "1196"]
[PlyCount "68"]
[EventDate "2019.07.07"]
[EventType "swiss"]
[EventRounds "7"]
[EventCountry "CAN"]

1. d4 e6 2. c4 d5 3. Nf3 Nf6 4. Nc3 Be7 5. Bg5 O-O 6. e3 b6 7. Bd3 Bb7 8. O-O
Nbd7 9. Re1 dxc4 10. Bxc4 c5 11. Rc1 Rc8 12. Be2 Nd5 13. Bxe7 Qxe7 14. Qd2 Rfd8
15. b3 N7f6 16. Nxd5 Bxd5 17. Ne5 Ne4 18. Qc2 Bb7 19. Qd3 f6 20. Nf3 Kh8 21.
Red1 e5 22. a4 Nxf2 23. Kxf2 e4 24. Qd2 exf3 25. gxf3 cxd4 26. exd4 Qd6 27. Kg2
Qd5 28. Rxc8 Rxc8 29. Qd3 h6 30. Qb5 Rc2 31. Qd3 Rb2 32. Rc1 Qg5+ 33. Kf2 Qxc1
34. Qg6 Qc2 0-1

[Event "CYCC U14 w"]
[Site "Regina CAN"]
[Date "2019.07.10"]
[Round "7.62"]
[White "Gauthier, Annie"]
[Black "Qian, Jessica"]
[Result "0-1"]
[WhiteElo "1007"]
[BlackElo "1448"]
[PlyCount "136"]
[EventDate "2019.07.07"]
[EventType "swiss"]
[EventRounds "7"]
[EventCountry "CAN"]

1. f3 e5 2. c3 Nf6 3. d4 exd4 4. Qxd4 Nc6 5. Qe3+ Be7 6. Na3 O-O 7. Nh3 Re8 8.
Ng5 h6 9. Ne4 Nxe4 10. fxe4 Bg5 11. Qd3 Bxc1 12. Rxc1 Qh4+ 13. g3 Qxe4 14. Qxe4
Rxe4 15. Nb5 Rb8 16. Nxc7 Re5 17. Rd1 Ne7 18. Bh3 d6 19. g4 b6 20. Rxd6 Bb7 21.
Rg1 Rc8 22. g5 Rxc7 23. Rd8+ Kh7 24. gxh6 g6 25. Rf1 Nf5 26. Bxf5 Rxf5 27. Rg1
Re7 28. Rg3 Ba6 29. Rg2 Rfe5 30. Rd2 Kxh6 31. b3 Bb7 32. Rf2 Rg5 33. Rd8 Kg7
34. h4 Rg2 35. Rxg2 Bxg2 36. Kf2 Be4 37. e3 Bb1 38. a3 Bf5 39. b4 Rc7 40. a4
Rxc3 41. Ra8 Rc4 42. Rxa7 Rxb4 43. a5 bxa5 44. Rxa5 Rxh4 45. Re5 Re4 46. Rxe4
Bxe4 47. Ke2 Kf6 48. Kf2 Kg5 49. Kg3 f5 50. Kf2 Kg4 51. Ke2 Kg3 52. Kd2 Kf2 53.
Kc3 Kxe3 54. Kb4 f4 55. Kc5 f3 56. Kd6 f2 57. Ke5 f1=Q 58. Kd6 Qf6+ 59. Kc5
Qd4+ 60. Kb5 Bd3+ 61. Kc6 Ke4 62. Kc7 Qd5 63. Kb8 Qc6 64. Ka7 Qb5 65. Ka8 Kd4
66. Ka7 Kc3 67. Ka8 Be4+ 68. Ka7 Qb7# 0-1

[Event "CYCC U14 w"]
[Site "Regina CAN"]
[Date "2019.07.10"]
[Round "7.63"]
[White "Gilani, Mysha"]
[Black "Lin, Alle"]
[Result "1/2-1/2"]
[WhiteElo "1761"]
[BlackElo "1498"]
[PlyCount "42"]
[EventDate "2019.07.07"]
[EventType "swiss"]
[EventRounds "7"]
[EventCountry "CAN"]

1. d4 d5 2. c4 c6 3. Nc3 Nf6 4. cxd5 cxd5 5. Bg5 Bf5 6. Bxf6 exf6 7. Qb3 Nc6 8.
e3 Bb4 9. Nge2 O-O 10. a3 Bxc3+ 11. Nxc3 Re8 12. Be2 b6 13. Qxd5 Qxd5 14. Nxd5
Rac8 15. Rc1 Be4 16. Nf4 Ne7 17. O-O Nd5 18. Nxd5 Bxd5 19. Rxc8 Rxc8 20. Bd3 g6
21. e4 Bb7 1/2-1/2

[Event "CYCC U14 w"]
[Site "Regina CAN"]
[Date "2019.07.10"]
[Round "7.64"]
[White "Xie, Cathy"]
[Black "D'Souza, Carina"]
[Result "0-1"]
[WhiteElo "1107"]
[BlackElo "1247"]
[PlyCount "174"]
[EventDate "2019.07.07"]
[EventType "swiss"]
[EventRounds "7"]
[EventCountry "CAN"]

1. e4 e5 2. Nf3 Nc6 3. Bb5 a6 4. Ba4 Nf6 5. d3 d6 6. Nbd2 b5 7. Bb3 Na5 8. c3
c5 9. Bc2 Nc6 10. a3 a5 11. O-O Be7 12. Re1 O-O 13. Nf1 Re8 14. Ng3 g6 15. Bh6
Bf8 16. Bxf8 Rxf8 17. a4 b4 18. cxb4 axb4 19. b3 Bg4 20. h3 Bxf3 21. Qxf3 Nd4
22. Qd1 Nd7 23. Ne2 Nxe2+ 24. Qxe2 Nb8 25. Qe3 Nc6 26. f4 Nd4 27. Bd1 f6 28.
Ra2 Ra7 29. Bg4 Re7 30. Bd1 Qe8 31. fxe5 fxe5 32. Rf1 Rxf1+ 33. Kxf1 Rf7+ 34.
Rf2 Qe6 35. Rxf7 Qxf7+ 36. Qf2 Qe6 37. Qa2 Qf6+ 38. Ke1 Qh4+ 39. Kf1 Qf4+ 40.
Qf2 Qc1 41. Qe1 Qc3 42. Qxc3 bxc3 43. a5 Nb5 44. Bc2 Kf7 45. Kf2 Ke6 46. Kg3 h6
47. Kf2 Kd7 48. Ke2 Nd4+ 49. Kd1 Kc7 50. Bb1 Kb7 51. Bc2 Ka6 52. Kc1 Kxa5 53.
Kb1 Kb4 54. Bd1 Nxb3 55. Bxb3 Kxb3 56. g4 c2+ 57. Kc1 Kc3 58. h4 Kxd3 59. g5
hxg5 60. hxg5 Kxe4 61. Kxc2 Kf4 62. Kd3 Kxg5 63. Ke3 c4 64. Kd2 Kf4 65. Ke2 g5
66. Kf2 c3 67. Ke2 g4 68. Ke1 c2 69. Kd2 g3 70. Kxc2 g2 71. Kd3 g1=Q 72. Kc4
Qc5+ 73. Kd3 e4+ 74. Ke2 Qe3+ 75. Kd1 Qf2 76. Kc1 e3 77. Kd1 e2+ 78. Kd2 e1=R+
79. Kd3 Qe3+ 80. Kc4 Rc1+ 81. Kd5 Rd1+ 82. Kc6 Qc3+ 83. Kd7 Qa5 84. Ke6 Qe5+
85. Kd7 Qg7+ 86. Kc6 Rc1+ 87. Kd5 Qe5# 0-1